|
|
|
|
| LEADER |
01423nam a2200397 a 4500 |
| 001 |
EBC3050855 |
| 003 |
MiAaPQ |
| 005 |
20200520144314.0 |
| 006 |
m o d | |
| 007 |
cr cn||||||||| |
| 008 |
111114s2012 dcu sb 000 0 eng d |
| 010 |
|
|
|z 2011045978
|
| 020 |
|
|
|z 9780821389690
|
| 020 |
|
|
|a 9780821389416 (electronic bk.)
|
| 035 |
|
|
|a (MiAaPQ)EBC3050855
|
| 035 |
|
|
|a (Au-PeEL)EBL3050855
|
| 035 |
|
|
|a (CaPaEBR)ebr10580582
|
| 035 |
|
|
|a (OCoLC)798794513
|
| 040 |
|
|
|a MiAaPQ
|c MiAaPQ
|d MiAaPQ
|
| 050 |
|
4 |
|a HG3881.5.W57
|b L467 2012
|
| 082 |
0 |
4 |
|a 332.1/532
|2 23
|
| 100 |
1 |
|
|a Leroy, Anne-Marie.
|
| 245 |
1 |
4 |
|a The World Bank Group sanctions process and its recent reforms
|h [electronic resource] /
|c Anne-Marie Leroy, Frank Fariello.
|
| 260 |
|
|
|a Washington, D.C. :
|b World Bank,
|c 2012.
|
| 300 |
|
|
|a vi, 41 p.
|
| 490 |
0 |
|
|a World Bank study
|
| 504 |
|
|
|a Includes bibliographical references.
|
| 533 |
|
|
|a Electronic reproduction. Ann Arbor, MI : ProQuest, 2015. Available via World Wide Web. Access may be limited to ProQuest affiliated libraries.
|
| 610 |
2 |
0 |
|a World Bank Group.
|
| 650 |
|
0 |
|a Economic sanctions.
|
| 650 |
|
0 |
|a Economic assistance
|x Corrupt practices.
|
| 655 |
|
4 |
|a Electronic books.
|
| 700 |
1 |
|
|a Fariello, Frank.
|
| 710 |
2 |
|
|a World Bank.
|
| 710 |
2 |
|
|a ProQuest (Firm)
|
| 856 |
4 |
0 |
|u https://ebookcentral.proquest.com/lib/matrademy/detail.action?docID=3050855
|z Click to View
|